000 00253nam a22001097a 4500
082 _a621.8 HAM'M
100 _aHAM, C. W,ROGERS, W. L
_978745
245 _aMECHANICS OF MACHINERY
260 _aNEWYORK
_bMCGRAW HILL
_c1958
300 _a509P
942 _cBK
999 _c583830
_d583830